| 000 | 00407nam a2200169Ia 4500 | ||
|---|---|---|---|
| 008 | 210210b1931 xxu||||| |||| 00| 0 eng d | ||
| 041 | _aeng | ||
| 082 | _a825/615 | ||
| 100 | _aNICOLL (Allardyce) | ||
| 245 | _aTheory of drama | ||
| 260 |
_aLondon _bGeorge G Harrap and Company Limited _c1931 |
||
| 650 | _aTheory | ||
| 650 | _aof | ||
| 650 | _adrama | ||
| 690 | _aEnglish Criticism | ||
| 906 | _a014931 | ||
| 999 |
_c134161 _d134161 |
||